000 00203nam a22000857a 4500
008 160629b xxu||||| |||| 00| 0 eng d
100 _91353
_aGupta, S
245 _aPolitical Science - XI
260 _aD
_b Neelam
999 _c1115
_d1115